Salmon and Freshwater Fisheries (Consolidation) (Scotland) Act 2003 (Record no. 108349)

MARC details
000 -LEADER
fixed length control field 00767cad a22002055a 4500
001 - CONTROL NUMBER
control field E144013
008 - FIXED-LENGTH DATA ELEMENTS--GENERAL INFORMATION
fixed length control field 080611s2003 xxk f a000 0 eng d
035 ## - SYSTEM CONTROL NUMBER
System control number (Sirsi) u144013
041 0# - LANGUAGE CODE
Language code of text/sound track or separate title eng
110 2# - MAIN ENTRY--CORPORATE NAME
Corporate name or jurisdiction name as entry element Scotland
Form subheading Laws, etc
245 00 - TITLE STATEMENT
Title Salmon and Freshwater Fisheries (Consolidation) (Scotland) Act 2003
Remainder of title (asp 15)
Medium [electronic resource]
260 ## - PUBLICATION, DISTRIBUTION, ETC.
Place of publication, distribution, etc. Edinburgh
Name of publisher, distributor, etc. TSO
Date of publication, distribution, etc. 2003
300 ## - PHYSICAL DESCRIPTION
Extent 46p.
Dimensions 24cm.
490 #0 - SERIES STATEMENT
Series statement Current Law Statutes
Volume/sequential designation asp 15
650 24 - SUBJECT ADDED ENTRY--TOPICAL TERM
Topical term or geographic name entry element SALMON AND FRESHWATER FISHERIES (CONSOLIDATION) (SCOTLAND) ACT 2003
651 #4 - SUBJECT ADDED ENTRY--GEOGRAPHIC NAME
Geographic name Scotland
Chronological subdivision 1999-
690 ## - LOCAL SUBJECT ADDED ENTRY--TOPICAL TERM (OCLC, RLIN)
Topical term or geographic name as entry element ENVIRONMENTAL AND LAND CONSULTANCY-AGRIBUSINESS
856 40 - ELECTRONIC LOCATION AND ACCESS
Uniform Resource Identifier <a href="https://www.opsi.gov.uk/legislation/scotland/s-acts2003a">https://www.opsi.gov.uk/legislation/scotland/s-acts2003a</a>
Public note View the Act free of charge at www.opsi.gov.uk...
942 ## - ADDED ENTRY ELEMENTS (KOHA)
Suppress in OPAC 0
Holdings
Withdrawn status Lost status Source of classification or shelving scheme Damaged status Not for loan Home library Current library Shelving location Date acquired Total Checkouts Full call number Barcode Date last seen Copy number Price effective from Koha item type
    Dewey Decimal Classification     Virtual Virtual Online 11/06/2008   ONLINE PUBLICATION 144013-2001 06/08/2019 1 06/08/2019 Book